| 000 | 00377nam a22001457a 4500 | ||
|---|---|---|---|
| 003 | MACL | ||
| 005 | 20200118170038.0 | ||
| 008 | 200118b xxu||||| |||| 00| 0 eng d | ||
| 040 | _cMACL | ||
| 100 |
_aBond, Ruskin _98070 |
||
| 245 | _aA Time for All things : Collected Essays and Sketches | ||
| 260 |
_aDelhi _bTiger Pub _c2018 |
||
| 650 |
_aEssays _977883 |
||
| 942 |
_2ddc _cBK |
||
| 999 |
_c61843 _d61843 |
||